000 01018nam a22002177a 4500
999 _c63032
_d63032
003 Ge_BSU
005 20250514173545.0
008 250514s2011 ge ||||| |||| 00| 0 geo d
020 _a9789941132216
041 _ageo
080 _a547.454(075.8) ს-47
100 _aსიდამონიძე, ნელი
_925043
245 _aნახშირწყლების ქიმია /
_cნელი სიდამონიძე; რედ. : მ. გვერდწითელი; თსუ.
264 _aთბილისი:
_bუნივერსიტეტის გამომცემლობა,
_c2011.
300 _a369 გვ.:
_bილ.;
_c26 სმ.
500 _aგანმარტ. ლექსიკონი გვ. 364-366
504 _aბიბლიოგრ. გვ. 367-369
653 _aნახშირწყლების ქიმია
700 _a გვერდწითელი, მ.
_eრედაქტორი
_925044
942 _2udc
_cᲬᲘᲒᲜᲘ